<?xml version="1.0" encoding="UTF-8"?>
<record
    xmlns:xsi="http://www.w3.org/2001/XMLSchema-instance"
    xsi:schemaLocation="http://www.loc.gov/MARC21/slim http://www.loc.gov/standards/marcxml/schema/MARC21slim.xsd"
    xmlns="http://www.loc.gov/MARC21/slim">

  <leader>00889nam a22002177a 4500</leader>
  <controlfield tag="001">7896</controlfield>
  <controlfield tag="003">FISKH</controlfield>
  <controlfield tag="005">20250813102209.0</controlfield>
  <controlfield tag="008">250813b        cb ||||| |||| 00| 0 eng d</controlfield>
  <datafield tag="020" ind1=" " ind2=" ">
    <subfield code="a">9789995001452</subfield>
  </datafield>
  <datafield tag="040" ind1=" " ind2=" ">
    <subfield code="a">FISKH</subfield>
    <subfield code="b">khr</subfield>
    <subfield code="c">FISKH</subfield>
    <subfield code="d">FISKH</subfield>
  </datafield>
  <datafield tag="050" ind1=" " ind2=" ">
    <subfield code="a">PZ7</subfield>
  </datafield>
  <datafield tag="082" ind1=" " ind2=" ">
    <subfield code="a">500</subfield>
  </datafield>
  <datafield tag="100" ind1=" " ind2=" ">
    <subfield code="a">Kimsan, Eung</subfield>
  </datafield>
  <datafield tag="245" ind1=" " ind2=" ">
    <subfield code="a">&#x179C;&#x17B7;&#x1791;&#x17D2;&#x1799;&#x17B6;&#x179F;&#x17B6;&#x179F;&#x17D2;&#x179A;&#x17D2;&#x178F; &#x1790;&#x17D2;&#x1793;&#x17B6;&#x1780;&#x17CB;&#x1791;&#x17B8; &#x17E6; /</subfield>
    <subfield code="c">&#x179B;&#x17C4;&#x1780;&#x179F;&#x17D2;&#x179A;&#x17B8; &#x17A2;&#x17BB;&#x17BA;&#x1784; &#x1782;&#x17BA;&#x1798;&#x179F;&#x17B6;&#x1793; ,&#x179B;&#x17C4;&#x1780; &#x1796;&#x17D2;&#x179A;&#x17A0;&#x17D2;&#x1798; &#x178F;&#x17B6;&#x179A;&#x17B7;&#x1791;&#x17D2;&#x1792; ,&#x179B;&#x17C4;&#x1780;&#x179F;&#x17D2;&#x179A;&#x17B8; &#x1790;&#x17B6;&#x1785;&#x17CB; &#x1792;&#x17B8;&#x179F;&#x17B6;&#x179A;&#x17C9;&#x1793; &#x1793;&#x17B7;&#x1784;&#x179B;&#x17C4;&#x1780; &#x1782;&#x17D2;&#x179A;&#x17BD;&#x1785; &#x179F;&#x17BB;&#x1781;&#x17B6;&#x200B;</subfield>
  </datafield>
  <datafield tag="260" ind1=" " ind2=" ">
    <subfield code="a">Phnom Penh : </subfield>
    <subfield code="b">&#x1782;&#x17D2;&#x179A;&#x17BA;&#x17C7;&#x179F;&#x17D2;&#x1790;&#x17B6;&#x1793;&#x1794;&#x17C4;&#x17C7;&#x1796;&#x17BB;&#x1798;&#x17D2;&#x1796;&#x1793;&#x17B7;&#x1784;&#x1785;&#x17C2;&#x1780;&#x1795;&#x17D2;&#x179F;&#x17B6;&#x1799; ,</subfield>
    <subfield code="c">2018. </subfield>
  </datafield>
  <datafield tag="300" ind1=" " ind2=" ">
    <subfield code="a">124 pages : </subfield>
    <subfield code="b">illustrations ;</subfield>
    <subfield code="c">25 cm . </subfield>
  </datafield>
  <datafield tag="700" ind1=" " ind2=" ">
    <subfield code="a">Mary, Khem</subfield>
    <subfield code="e">Illustrator </subfield>
  </datafield>
  <datafield tag="942" ind1=" " ind2=" ">
    <subfield code="2">ddc</subfield>
    <subfield code="c">BK</subfield>
    <subfield code="n">0</subfield>
  </datafield>
  <datafield tag="999" ind1=" " ind2=" ">
    <subfield code="c">7896</subfield>
    <subfield code="d">7896</subfield>
  </datafield>
  <datafield tag="952" ind1=" " ind2=" ">
    <subfield code="0">0</subfield>
    <subfield code="1">0</subfield>
    <subfield code="2">ddc</subfield>
    <subfield code="4">0</subfield>
    <subfield code="7">0</subfield>
    <subfield code="8">KH</subfield>
    <subfield code="a">002</subfield>
    <subfield code="b">002</subfield>
    <subfield code="c">SKB</subfield>
    <subfield code="d">2025-08-13</subfield>
    <subfield code="l">0</subfield>
    <subfield code="o">KIM PZ7 500</subfield>
    <subfield code="p">2025-4078</subfield>
    <subfield code="r">2025-08-13 10:21:25</subfield>
    <subfield code="w">2025-08-13</subfield>
    <subfield code="y">BK</subfield>
  </datafield>
</record>
